Normal view
MARC view
Entry Personal Name
001 - CONTROL NUMBER
- control field: 75315
003 - CONTROL NUMBER IDENTIFIER
- control field: dpl
005 - DATE AND TIME OF LATEST TRANSACTION
- control field: 20241218114013.0
008 - FIXED-LENGTH DATA ELEMENTS
- fixed length control field: 241218|| aca||aabn | a|a d
040 ## - CATALOGING SOURCE
- Original cataloging agency: dpl
- Transcribing agency: dpl
100 ## - HEADING--PERSONAL NAME
- Personal name: जैन
670 ## - SOURCE DATA FOUND
- Source citation: Work cat.: (dpl)207780: लाल 75314, उपकार एस. एस. सी. मल्टी टास्किंग:
